000 00182nam a22000977a 4500
082 _a823
100 _aENID BLYTON
245 _a15 MINUTE TALES
650 _aENGLISH STORY
942 _cBK
999 _c8492
_d8492